书目信息 |
| 题名: |
Photoshop & Illustrator产品设计创意表达
|
|
| 作者: | 赵博 , 李励 , 王佰瑞 编著 | |
| 分册: | ||
| 出版信息: | 北京 人民邮电出版社 2009.07 |
|
| 页数: | 256页 | |
| 开本: | 26cm | |
| 丛书名: | ||
| 单 册: | ||
| 中图分类: | TB472 | |
| 科图分类: | ||
| 主题词: | 产品--Chan Pin--计算机辅助设计--应用软件 | |
| 电子资源: | ||
| ISBN: | 978-7-115-20458-5 | |
| 000 | 01107nam0 2200265 450 | |
| 001 | 0011187924 | |
| 005 | 20100531104736.48 | |
| 010 | @a978-7-115-20458-5@dCNY49.00 (含光盘) | |
| 010 | @a978-7-89479-597-7@b光盘 | |
| 100 | @a20100515d2009 em y0chiy0110 ea | |
| 101 | 0 | @achi |
| 102 | @aCN@b110000 | |
| 105 | @aa z 000yy | |
| 200 | 1 | @aPhotoshop & Illustrator产品设计创意表达@APhotoshop &Illustrator chan pin she ji chuang yi biao da@f赵博, 李励, 王佰瑞编著@Fzhao bo,li li,wang bai rui bian zhu |
| 210 | @a北京@c人民邮电出版社@d2009.07 | |
| 215 | @a256页@c图@d26cm@e光盘1片 | |
| 330 | @a本书按照基本功能介绍、相关知识讲解和典型实例解析相结合的方法,介绍了运用Photoshop与Illustrator软件进行产品设计创意表达的方法和技巧。为方便读者学习,本书配套光盘收录了书中相关案例用到的素材文件、最终效果图片和制作源文件,供读者参考。 | |
| 606 | 0 | @a产品@AChan Pin@x计算机辅助设计@x应用软件 |
| 610 | 0 | @aPhotoshop@aIllustrator |
| 690 | @aTB472@v4 | |
| 701 | 0 | @a赵博@Azhao bo@4编著 |
| 701 | 0 | @a李励@Ali li@4编著 |
| 701 | 0 | @a王佰瑞@Awang bai rui@4编著 |
| 801 | 0 | @aCN@c20100515 |
| 905 | @dTB472@eZ296@f3 | |
| Photoshop & Illustrator产品设计创意表达/赵博, 李励, 王佰瑞编著.-北京:人民邮电出版社,2009.07 |
| 256页:图;26cm+光盘1片 |
| ISBN 978-7-115-20458-5:CNY49.00 (含光盘) |
| 本书按照基本功能介绍、相关知识讲解和典型实例解析相结合的方法,介绍了运用Photoshop与Illustrator软件进行产品设计创意表达的方法和技巧。为方便读者学习,本书配套光盘收录了书中相关案例用到的素材文件、最终效果图片和制作源文件,供读者参考。 |
| ● |
| 相关链接 |
|
|
|
正题名:Photoshop & Illustrator产品设计创意表达
索取号:TB472/Z296
 
预约/预借
| 序号 | 登录号 | 条形码 | 馆藏地/架位号 | 状态 | 备注 |
| 1 | 984656 | 209846568 | 自科库501/501自科库 16排4列5层/ [索取号:TB472/Z296] | 在馆 | |
| 2 | 984657 | 209846577 | 自科二线400A/400A自科库 27排2列3层/ [索取号:TB472/Z296] | 在馆 | |
| 3 | 984658 | 209846586 | 自科库501/501自科库 16排4列5层/ [索取号:TB472/Z296] | 在馆 |